The evolution of the machine : The growth of ideas from early concepts to relativity and quantan
Contents: So writes author Ritchie Calder in introducing the machine, which is the main character of this lively work and a vital and inescapable part of all our lives
Gardado en:
| Autor Principal: | |
|---|---|
| Formato: | Libro |
| Idioma: | Undetermined |
| Publicado: |
New York
American Heritage Pub. Co.; book trade and institutional distribution by Van Nostrand
1968
|
| Những chủ đề: | |
| Các nhãn: |
Engadir etiqueta
Sen Etiquetas, Sexa o primeiro en etiquetar este rexistro!
|
| Thư viện lưu trữ: | Trung tâm Học liệu Trường Đại học Cần Thơ |
|---|
| LEADER | 00900nam a2200217Ia 4500 | ||
|---|---|---|---|
| 001 | CTU_221929 | ||
| 008 | 210402s9999 xx 000 0 und d | ||
| 082 | |a 620.009 | ||
| 082 | |b C146 | ||
| 100 | |a Calder, Ritchie | ||
| 245 | 4 | |a The evolution of the machine : | |
| 245 | 4 | |b The growth of ideas from early concepts to relativity and quantan | |
| 245 | 0 | |c Consultant: Eugene S. Ferguson, by Ritchie Calder | |
| 260 | |a New York | ||
| 260 | |b American Heritage Pub. Co.; book trade and institutional distribution by Van Nostrand | ||
| 260 | |c 1968 | ||
| 520 | |a Contents: So writes author Ritchie Calder in introducing the machine, which is the main character of this lively work and a vital and inescapable part of all our lives | ||
| 650 | |a Machinery,Máy móc | ||
| 650 | |x History,Lịch sử | ||
| 904 | |i Tô Chánh Trung | ||
| 980 | |a Trung tâm Học liệu Trường Đại học Cần Thơ | ||